Adaptace specializačních profilů sektorů služeb k odvětvím podporujícím konkurenceschopnost zemí EU

Analýza procesu "tercializácie" špecializačných profilov ekonomík členských štátov Európskej únie. Služby náročné na vysoké technológie. Služby náročné na znalosti pre podnikateľské aktivity.

Na minha lista:
Detalhes bibliográficos
Autor principal: Zeman, Karel
Formato: Capítulo de Livro
Idioma:tcheco
Assuntos:
Tags: Adicionar Tag
Sem tags, seja o primeiro a adicionar uma tag!

MARC

LEADER 00000naa a2200000 4500
001 0197607
005 20220713131016.1
041 0 |a cze 
044 |a CZ 
245 1 0 |a Adaptace specializačních profilů sektorů služeb k odvětvím podporujícím konkurenceschopnost zemí EU  |c Karel Zeman 
520 |a Analýza procesu "tercializácie" špecializačných profilov ekonomík členských štátov Európskej únie. Služby náročné na vysoké technológie. Služby náročné na znalosti pre podnikateľské aktivity. 
610 2 0 |a služby poznatkovo intenzívne 
610 2 0 |a Európska únia 
610 2 0 |a konkurencieschopnosť 
610 2 0 |a sektor terciárny 
100 1 |a Zeman, Karel